| 000 | 005740000a22001690004500 | ||
|---|---|---|---|
| 003 | MACL | ||
| 005 | 20160607113125.0 | ||
| 008 | 160607b xxu||||| |||| 00| 0 eng d | ||
| 040 |
_aMACL _cMACL |
||
| 041 | _aHindi | ||
| 082 | _a954 PRA | ||
| 100 |
_aप्रभाकर, विष्णु _91167 |
||
| 245 |
_aस्वाधीनता का संग्राम _cविष्णु प्रभाकर |
||
| 260 |
_bशांति पुस्तक मंदिर _c2010 _aनई दिलली |
||
| 350 | _a175 | ||
| 942 |
_cHIN _k954/PRA _2ddc |
||
| 999 |
_c44881 _d44881 |
||